Statistics for Capital of Every Country and Territory

Click here to take the quiz!

General Stats

  • This quiz has been taken 170 times
  • The average score is 184 of 253

Answer Stats

Country/CapitalAnswer% Correct
AlgeriaAlgiers
92%
EgyptCairo
90%
South AfricaCape Town, Pretoria, or Bloemfontein
90%
DjiboutiDjibouti
90%
KenyaNairobi
90%
LibyaTripoli
90%
EthiopiaAddis Ababa
88%
AngolaLuanda
88%
MoroccoRabat
88%
Republic of the CongoBrazzaville
87%
SenegalDakar
87%
Ascension Island | GuyanaGeorgetown
87%
Cayman IslandsGeorge Town
87%
Democratic Republic of the CongoKinshasa
87%
SomaliaMogadishu
87%
JapanTokyo
87%
ThailandBangkok
85%
Guinea-BissauBissau
85%
Sierra LeoneFreetown
85%
VietnamHanoi
85%
SudanKhartoum
85%
GabonLibreville
85%
MalawiLilongwe
85%
TogoLomé
85%
CanadaOttawa
85%
São Tomé and PríncipeSão Tomé
85%
South KoreaSeoul
85%
TunisiaTunis
85%
CameroonYaoundé
85%
United Arab EmiratesAbu Dhabi
83%
NigeriaAbuja
83%
AndorraAndorra la Vella
83%
IraqBaghdad
83%
LebanonBeirut
83%
AustraliaCanberra
83%
DenmarkCopenhagen
83%
BeninCotonou or Porto Novo
83%
SyriaDamascus
83%
FinlandHelsinki
83%
South SudanJuba
83%
AfghanistanKabul
83%
UgandaKampala
83%
NepalKathmandu
83%
UkraineKiev
83%
Jamaica | Norfolk IslandKingston
83%
Saint Vincent and the GrenadinesKingstown
83%
MalaysiaKuala Lumpur
83%
KuwaitKuwait City
83%
United KingdomLondon
83%
MozambiqueMaputo
83%
MexicoMexico City
83%
LiberiaMonrovia
83%
RussiaMoscow
83%
ChadN'Djamena
83%
IndiaNew Delhi
83%
NorwayOslo
83%
Burkina FasoOuagadougou
83%
Czech RepublicPrague
83%
SwedenStockholm
83%
TaiwanTaipei
83%
MongoliaUlaanbaatar
83%
United StatesWashington, D.C.
83%
Ivory CoastYamoussoukro
83%
GhanaAccra
82%
JordanAmman
82%
TurkeyAnkara
82%
MadagascarAntananarivo
82%
GreeceAthens
82%
AzerbaijanBaku
82%
Central African RepublicBangui
82%
ChinaBeijing
82%
GermanyBerlin
82%
SwitzerlandBern
82%
SlovakiaBratislava
82%
BelgiumBrussels
82%
RomaniaBucharest
82%
HungaryBudapest
82%
IrelandDublin
82%
PakistanIslamabad
82%
IndonesiaJakarta
82%
IsraelJerusalem
82%
PalestineJerusalem or Ramallah
82%
PortugalLisbon
82%
LuxembourgLuxembourg
82%
SpainMadrid
82%
BelarusMinsk
82%
MonacoMonaco
82%
ComorosMoroni
82%
Cyprus | Northern CyprusNicosia
82%
FranceParis
82%
Cape VerdePraia
82%
IcelandReykjavik
82%
ItalyRome
82%
San MarinoSan Marino
82%
SingaporeSingapore
82%
EstoniaTallinn
82%
GeorgiaTbilisi
82%
IranTehran
82%
AlbaniaTirana
82%
Vatican CityVatican City
82%
AustriaVienna
82%
NetherlandsAmsterdam
80%
EritreaAsmara
80%
MaliBamako
80%
GuineaConakry
80%
BangladeshDhaka
80%
QatarDoha
80%
BotswanaGaborone
80%
BurundiGitega
80%
ZimbabweHarare
80%
CubaHavana
80%
RwandaKigali
80%
ZambiaLusaka
80%
EswatiniMbabane
80%
NigerNiamey
80%
MauritaniaNouakchott
80%
KazakhstanNur-Sultan
80%
MauritiusPort Louis
80%
KosovoPristina
80%
North KoreaPyongyang
80%
LatviaRiga
80%
Saudi ArabiaRiyadh
80%
BulgariaSofia
80%
MaltaValletta
80%
SeychellesVictoria
80%
PolandWarsaw
80%
NamibiaWindhoek
80%
GambiaBanjul
78%
SerbiaBelgrade
78%
KyrgyzstanBishkek
78%
East TimorDili
78%
TanzaniaDodoma
78%
Hong KongHong Kong
78%
PeruLima
78%
Equatorial GuineaMalabo
78%
BahrainManama
78%
LesothoMaseru
78%
PanamaPanama City
78%
YemenSana'a
78%
Costa RicaSan José
78%
Bosnia and HerzegovinaSarajevo
78%
BhutanThimphu
78%
LiechtensteinVaduz
78%
LaosVientiane
78%
LithuaniaVilnius
78%
ArmeniaYerevan
78%
BrazilBrasilia
77%
ArgentinaBuenos Aires
77%
VenezuelaCaracas
77%
GuatemalaGuatemala City
77%
SloveniaLjubljana
77%
MaldivesMalé
77%
NicaraguaManagua
77%
UruguayMontevideo
77%
OmanMuscat
77%
El SalvadorSan Salvador
77%
Dominican RepublicSanto Domingo
77%
North MacedoniaSkopje
77%
UzbekistanTashkent
77%
New ZealandWellington
77%
CroatiaZagreb
77%
ParaguayAsunción
75%
ColombiaBogota
75%
BoliviaLa Paz or Sucre
75%
BahamasNassau
75%
CambodiaPhnom Penh
75%
MontenegroPodgorica
75%
HaitiPort-au-Prince
75%
Trinidad and TobagoPort of Spain
75%
EcuadorQuito
75%
ChileSantiago
75%
BelizeBelmopan
73%
MoldovaChișinău
73%
TajikistanDushanbe
73%
GreenlandNuuk
73%
TurkmenistanAshgabat
72%
BruneiBandar Seri Begawan
72%
Saint Kitts and NevisBasseterre
72%
GuadeloupeBasse-Terre
72%
DominicaRoseau
72%
Antigua and BarbudaSaint John's
72%
HondurasTegucigalpa
72%
Saint LuciaCastries
70%
MacauMacau
70%
MyanmarNaypyidaw
70%
Papua New GuineaPort Moresby
70%
Puerto RicoSan Juan
70%
Sri LankaSri Jayawardenepura Kotte
70%
FijiSuva
70%
SamoaApia
68%
BarbadosBridgetown
68%
TuvaluFunafuti
68%
GibraltarGibraltar
68%
Solomon IslandsHoniara
67%
VanuatuPort Vila
67%
GrenadaSaint George's
67%
Marshall IslandsMajuro
65%
NauruYaren
65%
PalauNgerulmud
63%
TongaNuku'alofa
63%
KiribatiSouth Tarawa
63%
Federated States of MicronesiaPalikir
62%
SurinameParamaribo
62%
French GuianaCayenne
57%
Isle of ManDouglas
57%
BermudaHamilton
57%
RéunionSaint-Denis
53%
MartiniqueFort-de-France
52%
Aruba | Sint EustatiusOranjestad
52%
French PolynesiaPapeete
52%
Pitcairn IslandsAdamstown
50%
Saint Pierre and MiquelonSaint Pierre
50%
Tristan de CunhaEdinburgh of the Seven Seas
48%
SomalilandHargeisa
48%
New CaledoniaNouméa
48%
American SamoaPago Pago
48%
AnguillaThe Valley
48%
CuraçaoWillemstad
48%
US Virgin IslandsCharlotte Amalie
47%
Saint HelenaJamestown
47%
MayotteMamoudzou
47%
British Virgin IslandsRoad Town
47%
JerseySaint Helier
47%
GuernseySaint Peter Port
47%
Northern Mariana IslandsSaipan
47%
Faroe IslandsTórshavn
47%
NiueAlofi
45%
MontserratBrades or Plymouth
45%
Turks and Caicos IslandsCockburn Town
45%
TransnistriaTiraspol
45%
Cocos (Keeling) IslandsWest Island
45%
Christmas IslandFlying Fish Cove
43%
Falkland IslandsStanley
43%
GuamHagåtña
42%
Cook IslandsAvarua
40%
Western SaharaEl Aaiun
40%
BonaireKralendijk
38%
Wallis and FutunaMata-utu
38%
Akrotiri and DhekeliaEpiskopi Cantonment
37%
SabaThe Bottom
37%
Sint MaartenPhilipsburg
35%
Saint BarthélemyGustavia
33%
Easter IslandHanga Roa
30%
Saint MartinMarigot
30%
AbkhaziaSokhumi
28%
South OssetiaTskhinvali
27%
British Indian Ocean TerritoryCamp Justice
23%
ArtsakhKhankendi
23%
Galápagos IslandsPuerto Baquerizo Moreno
23%

Score Distribution

Percentile by Number Answered

Percent of People with Each Score

Your Score History

You have not taken this quiz